[Event "Barbera op"]
[Site "Barbera"]
[Date "1996.??.??"]
[Round "7"]
[White "Vera, Reynaldo"]
[Black "Vehi Bach, Victor Manuel"]
[Result "1/2-1/2"]
[WhiteElo "2505"]
[BlackElo "2365"]

1.d4 Nf6 2.c4 e6 3.Nc3 Bb4 4.Qc2 O-O 5.a3 Bxc3+ 6.Qxc3 d6 7.Bg5 Nbd7 8.e3 b6
9.Bd3 h6 10.Bh4 c5 11.Ne2 Ba6 12.b4 cxd4 13.exd4 Rc8 14.Qb3 Qc7 15.Rc1 e5
16.b5 Bb7 17.O-O Rfe8 18.Bf5 g5 19.Bg3 Be4 20.Bxe4 Nxe4 21.Qd3 exd4 22.Nxd4 Qc5
23.Rfd1 Nxg3 24.hxg3 Ne5 25.Qe2 Nxc4 26.Qh5 Qe5 27.Qxh6 Qg7 28.Qh3 g4 29.Qh4 Rc5
30.Nc6 Kf8 31.Re1 Ne5 32.Nxe5 Rcxe5 33.Rxe5 Qxe5 34.a4 d5 35.Qxg4 d4 36.Qf4 Qxf4
37.gxf4 d3 38.Rd1 Re4 39.g3 Rxa4 40.Rxd3 Ra5 41.Rd7 Ke8 42.Rb7 f5 43.Kg2 Kd8
44.f3 Kc8 45.Rf7 Rxb5 46.Rxa7 Rd5 47.g4 b5 48.g5 Rd6 49.Rf7 b4 50.Rxf5 Rb6
51.Rd5 b3 52.Rd1 b2 53.Rb1 Kd7 54.f5 Kd6 55.Kg3 Ke5 56.f6 Ke6 57.Kg4 Kf7
58.f4 Kg6 59.Kf3 Rb3+ 60.Ke4 Rb4+ 61.Ke5 Rb8 62.Kd6 Rb4 63.Ke5 Rb5+ 64.Ke6 Rb6+
65.Kd7 Rb7+ 66.Kc6 Rb4 67.f5+ Kxg5 68.f7 Rb8 69.Rxb2 Rf8 70.Kd6 Rxf7 71.Ke6 Rf6+
72.Ke7  1/2-1/2

[Event "Regionalliga SO9596"]
[Site "Bayern"]
[Date "1996.??.??"]
[Round "?"]
[White "Pronold, Herbert"]
[Black "Marian, Marc"]
[Result "1/2-1/2"]
[WhiteElo "2135"]
[BlackElo "2050"]

1.d4 Nf6 2.c4 e6 3.Nc3 Bb4 4.Qc2 O-O 5.Bg5 c5 6.dxc5 Na6 7.a3 Bxc3+ 8.Qxc3 Nxc5
9.Bxf6 Qxf6 10.Qxf6 gxf6 11.f3 a5 12.e4 a4 13.Rd1 b6 14.Ne2 Rd8 15.Rd6 Rb8
16.Nc3 Ba6 17.Be2 Kf8 18.Kf2 Ke7 19.Rhd1 Rdc8 20.Ke3 Rc6 21.Rxc6 dxc6 22.g3 Ra8
23.Na2 Bb7  1/2-1/2

[Event "Regionalliga SO9596"]
[Site "Bayern"]
[Date "1996.??.??"]
[Round "?"]
[White "Pronold, Herbert"]
[Black "Kaiser, Wolfgang"]
[Result "1/2-1/2"]
[WhiteElo "2135"]
[BlackElo "2355"]

1.d4 Nf6 2.c4 e6 3.Nc3 Bb4 4.Qc2 O-O 5.Bg5 c5 6.dxc5 Na6 7.a3 Bxc3+ 8.Qxc3 Nxc5
9.Bxf6 Qxf6 10.Qxf6 gxf6 11.f3 a5 12.e4 Rd8 13.Rd1 Kf8 14.Ne2 d6 15.Nc3 Ke7
16.Be2 Bd7 17.Kf2 a4 18.Ke3 Rac8 19.Rhg1 Nb3 20.g4 Rc5 21.Kf2 Bc6 22.Na2 e5
23.Nb4 Nd4 24.Rc1 Rc8 25.Rc3 b6 26.Rgc1 Bb7 27.Bd1 Ra5 28.Ke3 Rc7 29.Kf2 Rc8  1/2-1/2

[Event "Regionalliga SW9596"]
[Site "Bayern"]
[Date "1996.??.??"]
[Round "?"]
[White "Wiesend, Bruno"]
[Black "Marschner, Guenter"]
[Result "1-0"]
[WhiteElo "1965"]
[BlackElo "1930"]

1.d4 e6 2.c4 Nf6 3.Nc3 Bb4 4.Qc2 O-O 5.a3 Bxc3+ 6.Qxc3 b6 7.Bg5 Bb7 8.Nf3 d6
9.e3 Nbd7 10.Be2 Qe8 11.Bxf6 Nxf6 12.O-O Ne4 13.Qc2 f5 14.Nd2 Qg6 15.f3 Nxd2
16.Qxd2 Rf6 17.b4 Raf8 18.d5 Qf7 19.e4 Rh6 20.Bd3 f4 21.dxe6 Qxe6 22.Rfd1 Qf6
23.Qf2 Qe5 24.Rac1 Qh5 25.h3 Bc8 26.Kf1 Rg6 27.Ke1 Bb7 28.Rd2 Rg5 29.Kd1 Re5
30.Kc2 Qe8 31.Kb2 Kh8 32.Bb1 Bc6 33.Qd4 Bd7 34.c5 bxc5 35.bxc5 Qb8+ 36.Ka1 Re6
37.Ba2 Rg6 38.e5 Be6 39.cxd6 c5 40.Rxc5 Bxa2 41.Kxa2 Qb6 42.Rb2 Qa6 43.Rc7 Qf1
44.d7 Rxg2 45.Rc8 Rxb2+ 46.Qxb2  1-0

[Event "Beersheba"]
[Site "Beersheba"]
[Date "1996.??.??"]
[Round "2"]
[White "Kanstler, Boris"]
[Black "Finkel, Alexander"]
[Result "1/2-1/2"]
[WhiteElo "2475"]
[BlackElo "2500"]

1.d4 Nf6 2.c4 e6 3.Nc3 Bb4 4.Qc2 O-O 5.a3 Bxc3+ 6.Qxc3 d6 7.Nf3 b6 8.g3 Bb7
9.Bg2 Qe7 10.b3 c5 11.O-O Nc6 12.Bb2 Rfe8 13.d5 exd5 14.cxd5 Nd4 15.Nxd4 cxd4
16.Qxd4 Qxe2 17.Rfd1 Rac8 18.Rd2 Qg4 19.Qxg4 Nxg4 20.a4 Nf6 21.h3 Ne4 22.Bxe4 Rxe4
23.a5  1/2-1/2

[Event "Bern op"]
[Site "Bern"]
[Date "1996.??.??"]
[Round "4"]
[White "Kelecevic, Nedeljko"]
[Black "Wintzer, Joachim"]
[Result "1-0"]
[WhiteElo "2480"]
[BlackElo "2320"]

1.d4 e6 2.c4 Nf6 3.Nc3 Bb4 4.Qc2 O-O 5.a3 Bxc3+ 6.Qxc3 Ne4 7.Qc2 f5 8.Nh3 b6
9.f3 Nd6 10.e3 c5 11.dxc5 bxc5 12.Be2 Nc6 13.O-O Nf7 14.Bd2 Rb8 15.Rab1 a5
16.Bc3 d6 17.f4 Bb7 18.Rbd1 Ba8 19.Bh5 Qe7 20.Bf3 Qa7 21.Qf2 Kh8 22.Qg3 Rg8
23.Bh5 d5 24.cxd5 exd5 25.Rxd5 Nd4 26.Rxd4 cxd4 27.Bxd4 Qb7 28.Bxf7 Qxf7
29.Ng5 Qg6 30.Qh3 Rbc8 31.Qxh7+  1-0

[Event "Biel Credis"]
[Site "Biel"]
[Date "1996.??.??"]
[Round "1"]
[White "Kelecevic, Nedeljko"]
[Black "Peptan, Corina"]
[Result "0-1"]
[WhiteElo "2475"]
[BlackElo "2395"]

1.d4 Nf6 2.c4 e6 3.Nc3 Bb4 4.Qc2 O-O 5.Bg5 b6 6.e3 Bb7 7.f3 c5 8.Bd3 h6 9.Bh4 d5
10.a3 cxd4 11.axb4 dxc3 12.Qxc3 dxc4 13.Bxc4 Nbd7 14.Ne2 Rc8 15.Bxf6 Nxf6
16.Qb3 Bd5 17.Bxd5 Qxd5 18.Qxd5 Nxd5 19.Kf2 Rc2 20.Rxa7 Rfc8 21.Rha1 Rxb2
22.Ra8 Rxa8 23.Rxa8+ Kh7 24.Rc8 Nxb4 25.e4 Nc2 26.Rd8 Na3 27.Rd7 f6 28.f4 Nc4
29.h4 e5 30.f5 h5 31.g3 b5 32.Ke1 b4 33.g4 hxg4 34.Ng3 Rb1+ 35.Ke2 b3 36.Nh5 b2
37.Nxf6+ Kh6 38.Nxg4+ Kh5 39.Rxg7 Re1+ 40.Kxe1 b1=Q+ 41.Kf2 Qc2+ 42.Kg3 Qd3+
43.Kh2 Qe2+ 44.Kh3 Qf3+ 45.Kh2 Kxh4 46.f6 Nd2 47.f7 Qe2+  0-1

[Event "Bled op"]
[Site "Bled"]
[Date "1996.??.??"]
[Round "5"]
[White "Jelen, Igor"]
[Black "Palac, Mladen"]
[Result "1-0"]
[WhiteElo "2400"]
[BlackElo "2545"]

1.d4 Nf6 2.c4 e6 3.Nc3 Bb4 4.Qc2 O-O 5.a3 Bxc3+ 6.Qxc3 b6 7.Bg5 Bb7 8.f3 h6
9.Bh4 d5 10.e3 Nbd7 11.cxd5 Nxd5 12.Bxd8 Nxc3 13.Bh4 Nd5 14.Bf2 f5 15.Bd3 e5
16.Ne2 Rae8 17.O-O exd4 18.exd4 Re7 19.Rfe1 Rf6 20.Nc3 Kf8 21.Rxe7 Kxe7 22.Re1+ Kd8
23.Bc4 c6 24.Nxd5 cxd5 25.Bd3 Bc6 26.f4 Rf7 27.Bh4+ Kc7 28.Re7 Rxe7 29.Bxe7 g5
30.g4 fxg4 31.Bg6 Bb5 32.Bh5 Be2 33.h3 b5 34.hxg4 Nb6 35.f5 Kd7 36.Bb4 Nc4
37.f6  1-0

[Event "Bled op Seniors"]
[Site "Bled"]
[Date "1996.??.??"]
[Round "6"]
[White "Barczyczyn, Karl"]
[Black "Hribovsek, Ivo"]
[Result "0-1"]
[WhiteElo "2050"]
[BlackElo "2010"]

1.d4 Nf6 2.c4 e6 3.Nc3 Bb4 4.Qc2 O-O 5.e4 d5 6.e5 Ne4 7.Nf3 c5 8.a3 Qa5 9.dxc5 Bxc5
10.Be3 Bxe3 11.fxe3 Qc5 12.Nd4 f5 13.Bd3 Nc6 14.b4 Nxd4 15.Qb2 Nc2+ 16.Qxc2 Qxe3+
17.Qe2 Qd4 18.Nxe4 Qxa1+ 19.Kd2 Qb2+ 20.Bc2 fxe4 21.cxd5 Qd4+ 22.Ke1 exd5  0-1

[Event "Spring op"]
[Site "Budapest"]
[Date "1996.??.??"]
[Round "1"]
[White "Dao Thien Hai"]
[Black "Brauer, Christian"]
[Result "0-1"]
[WhiteElo "2560"]
[BlackElo "2150"]

1.d4 Nf6 2.c4 e6 3.Nc3 Bb4 4.Qc2 O-O 5.a3 Bxc3+ 6.Qxc3 Ne4 7.Qc2 f5 8.e3 b6
9.Bd3 Bb7 10.Nf3 d6 11.O-O Rf6 12.Be2 Rh6 13.d5 e5 14.Bd3 Nd7 15.b4 Qf6 16.Bxe4 fxe4
17.Qxe4 Rf8 18.Qg4 Rg6 19.Qe4 Bc8 20.Kh1 Rh6 21.Bb2 Qf7 22.Ng1 Qh5 23.h3 Nf6
24.Qc2 Bf5 25.Qd1 Qg6 26.f3 Bd3 27.Rf2 Ne4 28.Rd2 Nxd2 29.Qxd2 Bxc4 30.Rc1 b5
31.e4 Qg3 32.Bc3 Rg6 33.Qb2 Qg5 34.Re1 Qg3 35.Rc1 Qf4 36.Re1 Qg5 37.Qf2 a6
38.Kh2 Qf4+ 39.g3 Qg5 40.h4 Qd8 41.Bd2 h6 42.Be3 Qd7 43.Rd1 c6 44.dxc6 Qxc6
45.Qg2 d5 46.Bc5 Rf7 47.exd5 Bxd5 48.Qc2 Re6 49.Rd2 Re8 50.Qc3 Bxf3 51.Rd6 Qb7
52.Qb3 Bg4  0-1

[Event "Budapest FS02 GM"]
[Site "Budapest"]
[Date "1996.??.??"]
[Round "2"]
[White "Varga, Peter"]
[Black "Shariyazdanov, Andrey"]
[Result "0-1"]
[WhiteElo "2420"]
[BlackElo "2480"]

1.d4 Nf6 2.c4 e6 3.Nc3 Bb4 4.Qc2 O-O 5.a3 Bxc3+ 6.Qxc3 b6 7.Nf3 Bb7 8.e3 d6
9.Be2 Nbd7 10.O-O Ne4 11.Qc2 f5 12.b4 Qf6 13.Bb2 Qh6 14.d5 Rae8 15.Nd4 exd5
16.cxd5 Bxd5 17.Bc4 Bxc4 18.Qxc4+ Kh8 19.Qxc7 Ne5 20.Qc2 d5 21.Ne2 Rc8 22.Qd1 Nc4
23.Bc1 Qf6 24.Ra2 Rfd8 25.Rc2 Ng5 26.Nd4 a6 27.a4 h6 28.Bb2 Nxb2 29.Rxb2 Rc4
30.b5 a5 31.Rc2 f4 32.Nc6 Rd6 33.exf4 Nh3+ 34.Kh1 Nxf4 35.Rd2 Qg5 36.g3 Ng6
37.f3 d4 38.Rd3 Kh7 39.Qe2 Qd5 40.Qe4 Rxa4 41.Rb1 Qxe4 42.fxe4 Re6 43.Kg2 Ra2+
44.Kh3 Rxe4 45.Rxd4 Ree2 46.Kg4 Rxh2 47.Kf3 Rae2 48.Rd6 Rhf2+ 49.Kg4 Rc2
50.Re6 Rc5 51.Rb3 h5+  0-1

[Event "Budapest FS02 GM"]
[Site "Budapest"]
[Date "1996.??.??"]
[Round "2"]
[White "Hoang Than Trang"]
[Black "Macieja, Bartlomiej"]
[Result "1/2-1/2"]
[WhiteElo "2360"]
[BlackElo "2430"]

1.d4 Nf6 2.c4 e6 3.Nc3 Bb4 4.Qc2 O-O 5.a3 Bxc3+ 6.Qxc3 Ne4 7.Qc2 f5 8.e3 b6
9.Bd3 Bb7 10.Ne2 d6 11.f3 Ng5 12.O-O Nd7 13.Bd2 a5 14.Nc3 Rf7 15.f4 Ne4 16.Nxe4 fxe4
17.Bxe4 Bxe4 18.Qxe4 Qe8 19.b4 Nf6 20.Qc2 axb4 21.axb4 d5 22.Rxa8 Qxa8 23.b5 Qa3
24.c5 Ne4 25.cxb6 cxb6 26.Qc8+ Qf8 27.Qxe6 Nxd2 28.Rc1 Nc4 29.Qxd5 Nd6 30.e4 g6
31.Rc6 Nc8 32.Qe6 Ne7 33.Rxb6 Qd8 34.Qd6 Qxd6 35.Rxd6 Rxf4 36.b6 Rf8 37.d5 Rb8
38.Rd7 Nxd5 39.exd5 Rxb6 40.Kf2 Kf8 41.Kf3 h5 42.d6 Rb3+ 43.Kf4 Rb2 44.Rd8+ Kg7
45.Rc8 Rd2 46.Ke5 Re2+ 47.Kd5 Rd2+ 48.Kc6 Rc2+ 49.Kb7 Rb2+ 50.Kc7 Rc2+ 51.Kd8 Rxg2
52.d7 Rxh2 53.Rc6 Rd2 54.Kc7 Kh6 55.Rd6 Rc2+ 56.Kd8 Ra2 57.Ke7 Ra8 58.Kf7 Kg5
59.Rxg6+ Kf4 60.Rd6 h4  1/2-1/2

[Event "Spring op"]
[Site "Budapest"]
[Date "1996.??.??"]
[Round "4"]
[White "Kahn, Evarth"]
[Black "Horvath, Csaba"]
[Result "1/2-1/2"]
[WhiteElo "2315"]
[BlackElo "2540"]

1.d4 Nf6 2.c4 e6 3.Nc3 Bb4 4.Qc2 O-O 5.a3 Bxc3+ 6.Qxc3 Ne4 7.Qc2 f5 8.g3 b6
9.Bg2 Bb7 10.Nf3 Nf6 11.O-O Be4 12.Qc3 d6 13.b4 Qe8 14.Bb2 Nbd7 15.d5 e5
16.Ng5 Bxg2 17.Kxg2 Ne4 18.Nxe4 fxe4 19.f3 Qh5 20.Qe3 exf3+ 21.exf3 Rf6 22.Rf2 Raf8
23.Raf1 g5 24.Bc1 h6 25.Qe4 Qg6 26.h4 Qxe4 27.fxe4 g4 28.Rxf6 Rxf6 29.Re1 Kg7
30.Re3 Rf8 31.Bd2 a6 32.b5 Nf6 33.Bb4 Nd7  1/2-1/2

[Event "Budapest FS05 GM"]
[Site "Budapest"]
[Date "1996.??.??"]
[Round "4"]
[White "Dao Thien Hai"]
[Black "Hmadi, Slaheddine"]
[Result "1-0"]
[WhiteElo "2560"]
[BlackElo "2320"]

1.d4 e6 2.c4 Nf6 3.Nc3 Bb4 4.Qc2 O-O 5.a3 Bxc3+ 6.Qxc3 b6 7.Bg5 Bb7 8.e3 h6
9.Bh4 d5 10.cxd5 exd5 11.Bxf6 Qxf6 12.Qxc7 Ba6 13.Bxa6 Nxa6 14.Qc2 Rac8 15.Qd3 Rc4
16.Ne2 b5 17.O-O b4 18.b3 Rc6 19.Nf4 Rd8 20.Qb5 Rb6 21.Qa5 Qd6 22.axb4 Nxb4
23.Qxa7 Rd7 24.Qa5 Rc7 25.Qa8+ Kh7 26.Ra7 Rbc6 27.Rxc7 Rxc7 28.Qb8 Na6 29.Qb5 Nb4
30.g3 Rc3 31.Ra1 Rxb3 32.Qe8 Qc6 33.Qxf7 Ra3 34.Rxa3 Qc1+ 35.Kg2  1-0

[Event "Spring op"]
[Site "Budapest"]
[Date "1996.??.??"]
[Round "4"]
[White "Jakab, Attila"]
[Black "Csiszar, Csaba"]
[Result "1/2-1/2"]
[WhiteElo "2040"]
[BlackElo "2375"]

1.d4 Nf6 2.c4 e6 3.Nc3 Bb4 4.Qc2 O-O 5.Nf3 c5 6.dxc5 Na6 7.Bg5 Nxc5 8.a3 Bxc3+
9.Qxc3 Nce4 10.Bxf6 Nxf6 11.e3 b6 12.Be2 Ba6 13.Qc2 Qc7 14.Qa4 Bb7 15.h3 Ne4
16.O-O f5 17.Rad1 Rad8 18.Nd4 a6 19.Bf3 e5 20.Bxe4 Bxe4 21.Ne2 Qc6 22.Qxc6 dxc6
23.Rxd8 Rxd8 24.Ng3 Bd3 25.Rd1 g6 26.Ne2 Kf7 27.Nc1 e4 28.Nxd3 exd3 29.f3 Ke6
30.Kf2 Ke5 31.Ke1 f4 32.Kd2 c5 33.e4 b5 34.Rc1 Rb8 35.Kxd3 bxc4+ 36.Rxc4 Rxb2
37.Rxc5+ Kd6 38.Ra5 Rxg2 39.e5+ Ke7 40.Rxa6 Rg3 41.Ke4 Rxh3 42.Kd5 Rxf3 43.Ra7+ Kd8
44.Ke4  1/2-1/2

[Event "Spring op"]
[Site "Budapest"]
[Date "1996.??.??"]
[Round "5"]
[White "Dao Thien Hai"]
[Black "Kahn, Evarth"]
[Result "1-0"]
[WhiteElo "2560"]
[BlackElo "2315"]

1.d4 Nf6 2.c4 e6 3.Nc3 Bb4 4.Qc2 O-O 5.a3 Bxc3+ 6.Qxc3 Ne4 7.Qc2 f5 8.e3 b6
9.Bd3 Bb7 10.Ne2 d6 11.f3 Nf6 12.O-O Qe7 13.b4 Nbd7 14.Bb2 c5 15.Rae1 g6
16.Nc3 a6 17.Qb3 Rab8 18.Bb1 Rfc8 19.e4 cxd4 20.exf5 dxc3 21.Rxe6 Qf7 22.Qxc3 Bd5
23.Rxd6 Bxc4 24.Rxd7 Qxd7 25.Qxf6 Bxf1 26.fxg6 hxg6 27.Bxg6  1-0

[Event "Spring op"]
[Site "Budapest"]
[Date "1996.??.??"]
[Round "5"]
[White "Fordan, Tibor"]
[Black "Medvegy, Nora"]
[Result "0-1"]
[WhiteElo "2225"]
[BlackElo "2300"]

1.d4 Nf6 2.c4 e6 3.Nc3 Bb4 4.Qc2 O-O 5.Nf3 b6 6.Bg5 Bb7 7.e3 d6 8.Bd3 h6
9.h4 Nbd7 10.O-O-O Bxc3 11.bxc3 Qe7 12.Nd2 d5 13.f3 dxc4 14.Bh7+ Kh8 15.Be4 Qa3+
16.Kb1 Nxe4 17.Nxe4 Bxe4 18.fxe4 e5 19.g4 b5 20.Qb2 Qxb2+ 21.Kxb2 hxg5 22.hxg5+ Kg8
23.Rd2 Rfe8 24.Rdh2 Kf8 25.Rh7 Rab8 26.Rh8+ Ke7 27.R8h7 Rg8 28.R1h2 Rb6 29.Rf2 Nf8
30.Rh1 g6 31.Rhf1 Rg7 32.Rd2 Rd6 33.a4 c6 34.Ka3 Ne6 35.axb5 cxb5 36.Kb4 a6
37.Ra2 Rg8 38.dxe5 Rc6 39.Rf6 Rgc8 40.Rd2 Nxg5 41.Rdd6 Rxd6 42.Rxd6 Ra8  0-1

[Event "Budapest FS08 GM"]
[Site "Budapest"]
[Date "1996.??.??"]
[Round "6"]
[White "Hoang Than Trang"]
[Black "Aagaard, Jacob"]
[Result "1/2-1/2"]
[WhiteElo "2360"]
[BlackElo "2370"]

1.d4 Nf6 2.c4 e6 3.Nc3 Bb4 4.Qc2 O-O 5.a3 Bxc3+ 6.Qxc3 b6 7.Bg5 Ba6 8.e3 d6
9.Bd3 Nbd7 10.Ne2 h6 11.Bh4 c5 12.b4 Rc8 13.dxc5 bxc5 14.b5 Bb7 15.O-O Re8
16.Rfd1 Nd5  1/2-1/2

[Event "Budapest FS03 GM"]
[Site "Budapest"]
[Date "1996.??.??"]
[Round "7"]
[White "Dao Thien Hai"]
[Black "Lukacs, Peter"]
[Result "1/2-1/2"]
[WhiteElo "2560"]
[BlackElo "2440"]

1.d4 Nf6 2.c4 e6 3.Nc3 Bb4 4.Qc2 O-O 5.a3 Bxc3+ 6.Qxc3 b6 7.Bg5 Bb7 8.e3 d6
9.f3 Nbd7 10.Bd3 c5 11.Ne2 Rc8 12.Qb3 h6 13.Bh4 cxd4 14.exd4 d5 15.O-O dxc4
16.Bxc4 Nb8 17.Qd3 Qe7 18.Rac1 Rfd8 19.Rfd1 Nbd7 20.Qb3 Nf8 21.Bd3 Ng6 22.Bg3  1/2-1/2

[Event "Budapest FS02 GM"]
[Site "Budapest"]
[Date "1996.??.??"]
[Round "7"]
[White "Dao Thien Hai"]
[Black "Hoang Than Trang"]
[Result "1/2-1/2"]
[WhiteElo "2560"]
[BlackElo "2360"]

1.d4 Nf6 2.c4 e6 3.Nc3 Bb4 4.Qc2 O-O 5.a3 Bxc3+ 6.Qxc3 d6 7.Bg5 Nbd7 8.e3 b6
9.Nf3 Bb7 10.Bd3 h6 11.Bh4 c5  1/2-1/2

[Event "Budapest FS10 IM"]
[Site "Budapest"]
[Date "1996.??.??"]
[Round "8"]
[White "Kahn, Evarth"]
[Black "Murzin, Lenar"]
[Result "1/2-1/2"]
[WhiteElo "2380"]
[BlackElo "2230"]

1.d4 Nf6 2.c4 e6 3.Nc3 Bb4 4.Qc2 O-O 5.a3 Bxc3+ 6.Qxc3 Ne4 7.Qc2 f5 8.e3 b6
9.Ne2 Bb7 10.Ng3 Qh4 11.Bd3 d6 12.d5 Nc5 13.O-O Nxd3 14.Qxd3 exd5 15.f4 Qf6
16.Bd2 dxc4 17.Qxc4+ Qf7 18.Qc2 a5 19.Bc3 Nd7 20.e4 fxe4 21.Nxe4 Qg6 22.Qb3+ Kh8
23.Ng3 Nc5 24.Qd1 Ne4 25.Nxe4 Bxe4 26.Qd2 h6 27.Rae1 Rae8 28.f5 Bxf5 29.Rxe8 Rxe8
30.Rf3 Bg4 31.Rf4 Kh7 32.Qf2 Qb1+ 33.Qf1 Qxf1+ 34.Kxf1 Be2+ 35.Kf2 Re7 36.Rd4 g5
37.h4 Kg6 38.hxg5 hxg5 39.Kg3 Re6 40.Kf2 c5 41.Rd2 Bc4 42.Rd1 d5 43.Re1 Rxe1
44.Kxe1 Kf5 45.Bd2 d4 46.g3 Kg4 47.Kf2 Bd3 48.Ke1 c4 49.Kf2 Bc2 50.Be1 Bd1
51.Bd2 Kf5 52.Ke1 Bg4 53.Bc1 Bf3 54.Bd2 g4 55.Bf4 b5 56.Bd2 Ke4 57.Bxa5 Kd3
58.Bb6 b4 59.axb4 c3 60.bxc3 dxc3 61.Bd8 Kc4 62.Be7 Kb3 63.b5 c2 64.Bg5 Kb2
65.Kf2 Kc3 66.b6 Kd3 67.Bh6  1/2-1/2

[Event "Budapest FS05 GM"]
[Site "Budapest"]
[Date "1996.??.??"]
[Round "8"]
[White "Dao Thien Hai"]
[Black "Berend, Fred"]
[Result "0-1"]
[WhiteElo "2560"]
[BlackElo "2425"]

1.d4 Nf6 2.c4 e6 3.Nc3 Bb4 4.Qc2 O-O 5.Nf3 c5 6.dxc5 Na6 7.Bd2 Nxc5 8.e3 b6
9.Be2 Bb7 10.O-O Nce4 11.Nxe4 Bxe4 12.Qd1 Qe7 13.Nd4 Bb7 14.Bxb4 Qxb4 15.Qb3 Qxb3
16.axb3 a5 17.Rfc1 Rfc8 18.Nb5 Bc6 19.Nd6 Rcb8 20.Rd1 Kf8 21.f3 Ne8 22.Nxe8 Kxe8
23.Rd6 Ke7 24.Rad1 Bd5 25.R6xd5 exd5 26.Rxd5 a4 27.Bd1 axb3 28.Bxb3 Ra5 29.Rd2 d6
30.Kf2 Rc5 31.Ke2 b5 32.Kd3 bxc4+ 33.Bxc4 d5 34.Ba2 Ra5 35.b3 Kd6 36.Kc3 Rc5+
37.Kb2 f5 38.Bb1 Ke5 39.g3 g6 40.h3 Re8 41.Rd3 Rc7 42.Ba2 Rec8 43.Bb1 Rc1
44.g4 Rh1 45.b4 Rh2+ 46.Ka3 Rxh3 47.gxf5 Rxf3 48.fxg6 Ra8+ 49.Kb3 hxg6 50.b5 g5
51.Bc2 Rh3 52.Bd1 Ke4 53.Rd4+ Ke5 54.Rd3 Kd6 55.Rc3 d4 56.Rc6+ Kd5 57.Kb4 dxe3
58.Bb3+ Ke5 59.b6 Rb8 60.Bc4 Rh4 61.Kb5 Rxc4 62.Rxc4 e2 63.Rc7 Re8 64.Rc1 Kd4
65.b7 e1=Q  0-1

[Event "Budapest FS02 GM"]
[Site "Budapest"]
[Date "1996.??.??"]
[Round "10"]
[White "Hoang Than Trang"]
[Black "Lukacs, Peter"]
[Result "1/2-1/2"]
[WhiteElo "2360"]
[BlackElo "2440"]

1.d4 Nf6 2.c4 e6 3.Nc3 Bb4 4.Qc2 O-O 5.a3 Bxc3+ 6.Qxc3 b6 7.Bg5 Bb7 8.e3 d6
9.f3 Nbd7 10.Bd3 c5 11.Ne2 h6 12.Bh4 Rc8 13.b4 d5 14.dxc5 bxc5 15.cxd5 cxb4
16.Qxb4 Nc5 17.O-O Bxd5 18.Rfd1 Nxd3  1/2-1/2

[Event "Budapest FS08 IM"]
[Site "Budapest"]
[Date "1996.??.??"]
[Round "10"]
[White "Gladyszev, Oleg"]
[Black "Anka, Emil"]
[Result "0-1"]
[WhiteElo "2310"]
[BlackElo "2400"]

1.d4 Nf6 2.c4 e6 3.Nc3 Bb4 4.Qc2 O-O 5.a3 Bxc3+ 6.Qxc3 Ne4 7.Qc2 f5 8.e3 b6
9.Bd3 Bb7 10.Ne2 Qh4 11.O-O Rf6 12.d5 Rh6 13.h3 Na6 14.b4 Rf8 15.Bxe4 fxe4
16.dxe6 dxe6 17.Bb2 Rg6 18.Ng3 Nb8 19.Rad1 Qg5 20.Qe2 Qe7 21.Rd2 h6 22.Rfd1 Kh7
23.Be5 a6 24.Kh2 Bc6 25.Nh5 Qg5 26.Bg3 e5 27.h4 Qe7 28.Kg1 Bd7 29.f3 exf3
30.gxf3 Qxh4 31.Qh2 Bh3 32.Kh1 Qxh5  0-1

[Event "Budapest FS08 GM"]
[Site "Budapest"]
[Date "1996.??.??"]
[Round "12"]
[White "Dao Thien Hai"]
[Black "Lukacs, Peter"]
[Result "1/2-1/2"]
[WhiteElo "2535"]
[BlackElo "2475"]

1.d4 Nf6 2.c4 e6 3.Nc3 Bb4 4.Qc2 O-O 5.a3 Bxc3+ 6.Qxc3 Ne4 7.Qc2 f5 8.Nf3 b6
9.g3 Bb7 10.Bg2 Nf6 11.O-O Be4 12.Qd2 Qe8 13.b4 d6 14.Bb2 Nbd7  1/2-1/2

[Event "Buenos Aires op"]
[Site "Buenos Aires"]
[Date "1996.??.??"]
[Round "?"]
[White "Amura, Claudia Noemi"]
[Black "Sorokin, Maxim"]
[Result "0-1"]
[WhiteElo "2360"]
[BlackElo "2560"]

1.d4 Nf6 2.c4 e6 3.Nc3 Bb4 4.Qc2 O-O 5.a3 Bxc3+ 6.Qxc3 Ne4 7.Qc2 f5 8.g3 b6
9.Bg2 Bb7 10.Nf3 Nf6 11.O-O Be4 12.Qc3 d6 13.b4 Qe8 14.a4 a5 15.b5 Nbd7 16.Ba3 Qh5
17.c5 Nd5 18.Qc4 N7f6 19.cxd6 cxd6 20.Rac1 Rad8 21.Qb3 f4 22.Rc6 fxg3 23.hxg3 Ng4
24.Rfc1 Bxf3 25.exf3 Qh2+ 26.Kf1 Nde3+ 27.Ke2 Qxg2 28.Qxe6+ Kh8 29.fxg4 Rxf2+
30.Kd3 Rf3 31.Rc8 Nxg4+  0-1

[Event "Calcutta op"]
[Site "Calcutta"]
[Date "1996.??.??"]
[Round "7"]
[White "Babu, N Sudhakar"]
[Black "Anilkumar, N R."]
[Result "1/2-1/2"]
[WhiteElo "2445"]
[BlackElo "2325"]

1.d4 Nf6 2.c4 e6 3.Nc3 Bb4 4.Qc2 O-O 5.a3 Bxc3+ 6.Qxc3 b6 7.Bg5 Bb7 8.f3 c5
9.e3 cxd4 10.Qxd4 Nc6 11.Qd6 h6 12.Bh4 Qe7 13.Qxe7 Nxe7 14.e4 Ng6 15.Bxf6 gxf6
16.O-O-O Rfd8 17.Ne2 Rac8 18.Nc3 Ba6 19.b3 Kf8 20.Kb2 Ke7 21.g3 Ne5 22.Be2  1/2-1/2

[Event "Calcutta op"]
[Site "Calcutta"]
[Date "1996.??.??"]
[Round "10"]
[White "Nadera, Barlo A"]
[Black "Ravi, Lanka"]
[Result "0-1"]
[WhiteElo "2430"]
[BlackElo "2390"]

1.d4 Nf6 2.c4 e6 3.Nc3 Bb4 4.Qc2 O-O 5.a3 Bxc3+ 6.Qxc3 Ne4 7.Qc2 f5 8.g3 b6
9.Bg2 Bb7 10.f3 Nf6 11.Nh3 c5 12.dxc5 bxc5 13.Be3 Qe7 14.O-O Nc6 15.Rfd1 a5
16.b3 d6 17.Qc3 Rab8 18.Ra2 Rfd8 19.Rad2 Ba8 20.Bg5 Nd4 21.b4 axb4 22.axb4 h6
23.Bxf6 Qxf6 24.Kf2 e5 25.b5 f4 26.gxf4 exf4 27.Rxd4 cxd4 28.Rxd4 g5 29.Kg1 d5
30.Nf2 dxc4 31.Rxd8+ Qxd8 32.Bh3 Bd5 33.Bf5 Rxb5 34.Ng4 Rb6 35.Qd4 Rd6 36.Kf1 h5
37.Ne5 Qb6 38.Qa1 Bf7 39.Nd7 Qd8 40.Qa7 c3 41.Ne5 Qf6 42.Nxf7 Rd1+ 43.Kg2 Qxf7
44.Qb8+ Kg7 45.Qe5+ Qf6 46.Qc7+ Kf8 47.Bd3 g4 48.Qc5+ Kg7 49.Qc7+ Kh6 50.Qh7+ Kg5
51.fxg4 f3+ 52.exf3 Rd2+ 53.Kg1  0-1

[Event "Calcutta op"]
[Site "Calcutta"]
[Date "1996.??.??"]
[Round "11"]
[White "Kakageldyev, Amanmurad"]
[Black "Anilkumar, N R."]
[Result "1-0"]
[WhiteElo "2475"]
[BlackElo "2325"]

1.d4 Nf6 2.c4 e6 3.Nc3 Bb4 4.Qc2 O-O 5.a3 Bxc3+ 6.Qxc3 b6 7.Nf3 c5 8.dxc5 bxc5
9.e3 d6 10.Be2 Nbd7 11.O-O Bb7 12.b4 Ne4 13.Qc2 f5 14.Ne1 Rc8 15.f3 Nef6
16.Bb2 Qe7 17.b5 Ra8 18.a4 Rf7 19.Nd3 Nf8 20.Nf2 Ng6 21.Rfd1 Ne8 22.Bf1 e5
23.Ra3 Nh4 24.e4 f4 25.a5 Rb8 26.Rad3 Ng6 27.a6 Ba8 28.Qd2 Rf6 29.Ng4 Re6
30.g3 h5 31.Nf2 fxg3 32.hxg3 Nh8 33.Bh3 Rg6 34.Kh2 Nf7 35.Rg1 h4 36.f4 exf4
37.Qxf4 Rf6 38.Bxf6 Nxf6 39.gxh4 Qe5 40.Qxe5 Nxe5 41.Be6+ Kf8 42.Rdg3  1-0

[Event "Cetinje"]
[Site "Cetinje"]
[Date "1996.??.??"]
[Round "?"]
[White "Blagojevic, Dragisa"]
[Black "Nikcevic, Nebojsa"]
[Result "1/2-1/2"]
[WhiteElo "2450"]
[BlackElo "2485"]

1.d4 Nf6 2.c4 e6 3.Nc3 Bb4 4.Qc2 O-O 5.a3 Bxc3+ 6.Qxc3 b6 7.Bg5 Ba6 8.e3 d6
9.Bd3 Nbd7 10.Ne2 h6 11.Bh4 c5 12.b4 cxd4 13.exd4 Rc8 14.Qb3 e5 15.Rc1 d5
16.cxd5 Bxd3 17.Qxd3 Rxc1+ 18.Nxc1 exd4 19.O-O Qa8 20.Qxd4 Qxd5 21.Qxd5  1/2-1/2

[Event "Capablanca mem-B"]
[Site "Cienfuegos"]
[Date "1996.??.??"]
[Round "5"]
[White "Leyva, Hector"]
[Black "Mitkov, Nikola"]
[Result "0-1"]
[WhiteElo "2385"]
[BlackElo "2475"]

1.d4 Nf6 2.c4 e6 3.Nc3 Bb4 4.Qc2 O-O 5.a3 Bxc3+ 6.Qxc3 b6 7.Bg5 c5 8.dxc5 bxc5
9.e3 Nc6 10.Bd3 Qa5 11.Ne2 Rb8 12.O-O-O Ng4 13.Qxa5 Nxa5 14.Bf4 Rb3 15.Bg3 Ba6
16.h3 Nf6 17.Kc2 Rb7 18.Kc3 d5 19.cxd5 Rb3+ 20.Kc2 c4 21.Bxh7+ Kxh7 22.Bd6 Rc8
23.Bb4 Rb8 24.Rb1 Nb7 25.dxe6 fxe6 26.Nd4 Rd3 27.Nxe6 Ne4 28.f3 Ng3 29.Rhe1 Nf5
30.Nc7 Nxe3+ 31.Rxe3 Rxe3 32.Nxa6 Rd8 33.Rg1 Rdd3 34.Bc3 Re2+ 35.Kb1 Rd6
36.Nb4 Nc5 37.Nc2 Na4 38.Bb4 Rb6 39.Re1 Rxg2 40.Re4 a5 41.Rh4+ Kg8 42.Bxa5 Rxb2+
43.Kc1 Rgxc2+ 44.Kd1 Rg2 45.Re4 Rb1+  0-1

[Event "Copenhagen-ch"]
[Site "Copenhagen"]
[Date "1996.??.??"]
[Round "8"]
[White "Hove, Esben Kjems"]
[Black "Hamann, Svend"]
[Result "1/2-1/2"]
[WhiteElo "2285"]
[BlackElo "2380"]

1.d4 Nf6 2.c4 e6 3.Nc3 Bb4 4.Qc2 O-O 5.a3 Bxc3+ 6.Qxc3 b6 7.Bg5 Bb7 8.f3 d5
9.e3 Nbd7 10.Nh3 h6 11.Bh4 c5 12.dxc5 bxc5 13.Bd3 Qb6 14.Bf2 Ba6 15.O-O dxc4
16.Bxc4 Bxc4 17.Qxc4 Qxb2 18.Rab1 Qxa3 19.e4 Rfb8 20.Nf4 Rxb1 21.Rxb1 Rc8
22.Nd3 Nb6 23.Qc2 Nfd7 24.Be1 c4 25.Nb4 Nc5 26.Qd1 Nca4 27.Nc2 Qe7 28.Bb4 Qd7
29.Qxd7 Nxd7 30.Rd1 Ndb6 31.Rd6 Nc5 32.Kf1 Nb7 33.Rd1 Nd8 34.Ke2 Nc6 35.Be1 Kf8
36.Bf2 Na4 37.Be1 Ke8 38.Ne3 Nb6 39.Bc3 f6 40.f4 Rd8 41.Rc1 Nd4+ 42.Kf2 Nb3
43.Rc2 Nc5 44.Kf3 Rd3 45.Bb4 Nb3 46.Ra2 c3 47.Kf2 Rd2+ 48.Rxd2 Nxd2 49.e5 f5
50.Ke2 Ne4 51.Kd3 h5 52.g3 Kd7 53.Bxc3 Kc6 54.Be1 Nd5 55.Nc2 h4 56.Nd4+ Kd7
57.Nb3 h3 58.Ke2 g5 59.fxg5 Nxg5 60.Nd4 Nf7 61.Nf3 Nh6 62.Ng1 Ng4 63.Nxh3 Nxh2
64.Ng5 Ng4 65.Nf3 Nc7 66.Kd3 Nb5 67.Bd2 Kc6 68.Kc4 Kb6 69.Kb4 a6 70.Be1 Kc6
71.Ka5 Kd5 72.Kxa6 Nd4 73.Ng5 Nxe5 74.Bf2 Nef3 75.Nh7 e5 76.Kb6 Nd2 77.Nf6+ Ke6
78.Nh5 Ne4 79.Be3 Ne2 80.Kc6 N2xg3 81.Ng7+ Kf6 82.Ne8+ Ke7 83.Nc7 Nc3 84.Bg5+ Kf7
85.Kd6 e4 86.Ke5 Kg6 87.Bd2 Nce2 88.Nd5 Nf1 89.Bf4 Nxf4 90.Kxf4 e3 91.Kf3 Kg5
92.Ke2  1/2-1/2